Catalytic activity in hydrocarbon conversion of pentasil containing platinum, nickel, iron, or zinc nanoparticles; Petroleum Chemistry; Vol. 48, № 3

Podrobná bibliografie
Parent link:Petroleum Chemistry.— , 1961-
Vol. 48, № 3.— 2008.— P. 201-205
Další autoři: Velichkina L. M., Pestryakov A. N. Aleksey Nikolaevich, Vosmerikov A. V., Tuzovskaya I. V., Bogdanchikova N. E., Avalos M., Farias M., Tiznado H.
Shrnutí:Catalyst samples containing nanosized Pt, Ni, Fe, or Zn powder were prepared on the basis of high-silica zeolite ZSM-5 by mechanical mixing. The structure and state of active centers of zeolite catalysts (freshly prepared or calcined after the reaction cycle of upgrading the petroleum straight-run gasoline fraction) were studied by means of the X-ray diffraction, UV spectroscopy, and X-ray photoelectron spectroscopy techniques. It was shown that the oxidized forms of the metals are practically absent from the freshly prepared zeolite samples. After the heat treatment of the catalysts in air, nanosized metal powders transform into oxides on the zeolite surface, with iron and nickel producing the greatest variety of oxidized forms.
В фонде НТБ ТПУ отсутствует
Jazyk:angličtina
Vydáno: 2008
Témata:
Médium: MixedMaterials Kapitola
KOHA link:https://koha.lib.tpu.ru/cgi-bin/koha/opac-detail.pl?biblionumber=598957

MARC

LEADER 00000naa0a2200000 4500
001 598957
005 20250408085723.0
035 |a (RuTPU)RU\TPU\tpu\22765 
035 |a RU\TPU\tpu\22763 
090 |a 598957 
100 |a 20130226d2008 k||y0rusy50 ba 
101 0 |a eng 
102 |a RU 
200 1 |a Catalytic activity in hydrocarbon conversion of pentasil containing platinum, nickel, iron, or zinc nanoparticles  |f L. M. Velichkina [et al.] 
320 |a References: p. 205 (17 tit.) 
330 |a Catalyst samples containing nanosized Pt, Ni, Fe, or Zn powder were prepared on the basis of high-silica zeolite ZSM-5 by mechanical mixing. The structure and state of active centers of zeolite catalysts (freshly prepared or calcined after the reaction cycle of upgrading the petroleum straight-run gasoline fraction) were studied by means of the X-ray diffraction, UV spectroscopy, and X-ray photoelectron spectroscopy techniques. It was shown that the oxidized forms of the metals are practically absent from the freshly prepared zeolite samples. After the heat treatment of the catalysts in air, nanosized metal powders transform into oxides on the zeolite surface, with iron and nickel producing the greatest variety of oxidized forms. 
333 |a В фонде НТБ ТПУ отсутствует 
461 |t Petroleum Chemistry  |d 1961- 
463 |t Vol. 48, № 3  |v P. 201-205  |d 2008 
610 1 |a труды учёных ТПУ 
701 1 |a Velichkina  |b L. M. 
701 1 |a Pestryakov  |b A. N.  |c Chemist  |c Professor of Tomsk Polytechnic University, Doctor of Chemical Science  |f 1963-  |g Aleksey Nikolaevich  |3 (RuTPU)RU\TPU\pers\30471  |4 070  |9 14796 
701 1 |a Vosmerikov  |b A. V. 
701 1 |a Tuzovskaya  |b I. V. 
701 1 |a Bogdanchikova  |b N. E. 
701 1 |a Avalos  |b M. 
701 1 |a Farias  |b M. 
701 1 |a Tiznado  |b H. 
801 1 |a RU  |b 63413507  |c 20130226 
801 2 |a RU  |b 63413507  |c 20130226  |g RCR 
942 |c CR